000 00532nam a2200169Ia 4500
003 GCL
008 140319s9999 xx 000 0 ara d
040 _aGCL /
_cGCL
082 0 4 _a005.3
_bس ف
100 1 _aسيمونس، كيرت
245 1 0 _aفرونت بيدج 2003 /
_cسيمونس، كيرت
260 _aالقاهرة :
_bدار الفاروق للنشر والتوزيع ،
_c2004
300 _a912 ص ؛
_c24 سم
650 0 4 _aاكسيس 2003
650 0 4 _aالإنترنت - تصميم مواقع
942 _2ddc
_cBK
999 _c7199
_d7199